Normal view
MARC view
- Trinidad, Jose Eos
Entry Personal Name
001 - CONTROL NUMBER
- control field: 39729
003 - CONTROL NUMBER IDENTIFIER
- control field: OSt
005 - DATE AND TIME OF LATEST TRANSACTION
- control field: 20190917174904.0
008 - FIXED-LENGTH DATA ELEMENTS
- fixed length control field: 190917|| aca||aabn | a|a d
040 ## - CATALOGING SOURCE
- Original cataloging agency: OSt
- Transcribing agency: OSt
100 ## - HEADING--PERSONAL NAME
- Personal name: Trinidad, Jose Eos
670 ## - SOURCE DATA FOUND
- Source citation: Work cat.: (OSt): Trinidad, Jose Eos, Researching Philippine realities:, c2018.
